000 00298nam a22001337a 4500
008 170602b xxu||||| |||| 00| 0 eng d
020 _a0070374791
041 _aeng
080 _23RD
_a94(100)
100 _a17
101 _aSHH
245 _aWORLD POLITICS DEBATED
_cLEVINE,H.M
942 _2udc
_cBK
999 _c15631
_d15631